000 00308nam a22001337a 4500
008 170309b xxu||||| |||| 00| 0 eng d
020 _a9780805355192
041 _aeng
080 _a611
100 _a6
101 _aSHM
245 _aHUMAN ANATOMY PHYSILOGY LABORATORY MANUAL
_cMARIEB.N.E
942 _2udc
_cBK
999 _c7297
_d7297